00828nam a2200217 i 4500001000400000100002200004245007600026260006500102300002100167490004900188500005200237500004700289650003200336700002900368830005000397020000800447040000800455041000800463008004100471856009800512bgj1 aPOE, Edgar Allan.10aSix Tales of Fear /cby Edgar Allan Poe ; adapted by Elinor Chamberlin. aWashington, D.C. :bUnited States Information Agency,c1991. a128 pp ;c23 cm.1 aA Ladder Edition. American Literary Classics aOriginal title: Six stories by Edgar Allan Poe. aSimplified edition at the 1000-word level. 9aAmerican storiesy1830-18611 aCHAMBERLIN, Elinor.eed. 0aA Ladder Edition.pAmerican Literary Classics apbk cBPK0 aeng s uk f |000 0 eng  uhttp://koha.tu.koszalin.pl/cgi-bin/koha/opac-detail.pl?biblionumber=41274yKatalog online BPK